[Event "2014 Alberta Open"]
[Site "Calgary"]
[Date "2014.10.11"]
[Round "1.5"]
[White "Ng, Gary"]
[Black "Lee, Nicholas"]
[Result "1-0"]
[WhiteElo "2249"]
[BlackElo "1750"]
[PlyCount "75"]
[EventDate "2014.10.11"]
[EventType "swiss"]
[EventRounds "6"]
[EventCountry "CAN"]

1. b4 e6 2. Bb2 Nf6 3. a3 d5 4. e3 c5 5. bxc5 Bxc5 6. Nf3 Nc6 7. d4 Qb6 8. Ra2
Be7 9. Be2 Bd7 10. O-O Na5 11. a4 Rc8 12. Nbd2 Qc7 13. Bd3 O-O 14. Ne5 Nc6 15.
Nxc6 Bxc6 16. Qb1 Ne4 17. Bxe4 dxe4 18. c4 Bd6 19. g3 Qa5 20. Nb3 Qa6 21. Rc1
Bxa4 22. Nd2 Qc6 23. Qa1 Bb4 24. Rxa4 Bxd2 25. Rd1 b5 26. Ra6 Qxc4 27. Rxd2 Qb4
28. Rd1 Rfd8 29. Ba3 Qb3 30. Rb1 Qc2 31. Rc1 Qd3 32. Rxc8 Rxc8 33. Rxa7 h5 34.
Bc5 h4 35. Qf1 Qb3 36. Rb7 Ra8 37. Rxb5 Qc3 38. Rb1 1-0

[Event "2014 Alberta Open"]
[Site "Calgary"]
[Date "2014.10.11"]
[Round "1.6"]
[White "Milne, Arthur"]
[Black "Sequillion, Aaron"]
[Result "0-1"]
[WhiteElo "1724"]
[BlackElo "2246"]
[PlyCount "42"]
[EventDate "2014.10.11"]
[EventType "swiss"]
[EventRounds "6"]
[EventCountry "CAN"]

1. c4 Nf6 2. b3 g6 3. Bb2 Bg7 4. e3 O-O 5. Nc3 c5 6. Qc2 Nc6 7. a3 e6 8. Rc1 d5
9. Na4 b6 10. Nf3 d4 11. exd4 Nxd4 12. Nxd4 cxd4 13. c5 Bb7 14. b4 Rc8 15. h4
e5 16. Qc4 Nd5 17. h5 Qg5 18. g3 Bh6 19. Rc2 bxc5 20. d3 Nf4 21. hxg6 Bd5 0-1

[Event "2014 Alberta Open"]
[Site "Calgary"]
[Date "2014.10.11"]
[Round "1.7"]
[White "Gardner, Robert"]
[Black "Koperski, Dustin"]
[Result "1-0"]
[WhiteElo "2244"]
[BlackElo "1703"]
[PlyCount "63"]
[EventDate "2014.10.11"]
[EventType "swiss"]
[EventRounds "6"]
[EventCountry "CAN"]

1. d4 Nf6 2. c4 c5 3. d5 e6 4. Nc3 exd5 5. cxd5 d6 6. e4 g6 7. Nf3 Bg7 8. h3
O-O 9. Bd3 a6 10. a4 Ne8 11. g4 h6 12. Be3 Nd7 13. Qd2 Kh7 14. h4 Qc7 15. h5
Ndf6 16. hxg6+ fxg6 17. Bxh6 Bxg4 18. Bxg7+ Kxg7 19. Qh6+ Kf7 20. Ng5+ Ke7 21.
Qxg6 Kd8 22. f3 Bc8 23. O-O-O Rg8 24. Qh6 Qg7 25. Qxg7 Rxg7 26. f4 Bd7 27. Rdg1
Kc7 28. e5 Ng8 29. Nge4 Rxg1+ 30. Rxg1 Ne7 31. e6 Bc8 32. Rg5 1-0

[Event "2014 Alberta Open"]
[Site "Calgary"]
[Date "2014.10.11"]
[Round "1.8"]
[White "Wu, Chenxi"]
[Black "Miller, David"]
[Result "0-1"]
[WhiteElo "1668"]
[BlackElo "2240"]
[PlyCount "88"]
[EventDate "2014.10.11"]
[EventType "swiss"]
[EventRounds "6"]
[EventCountry "CAN"]

1. e4 c5 2. Nf3 d6 3. d4 cxd4 4. Nxd4 Nf6 5. Nc3 a6 6. g3 e5 7. Nde2 b5 8. Bg2
Bb7 9. Bg5 Nbd7 10. O-O h6 11. Bxf6 Nxf6 12. h3 h5 13. f4 b4 14. Nd5 Bxd5 15.
exd5 Nd7 16. Re1 Be7 17. Kh2 Rc8 18. fxe5 Nxe5 19. Nd4 Qb6 20. Rxe5 dxe5 21.
Nc6 Bd6 22. Qe2 f6 23. g4 h4 24. g5 f5 25. Kh1 Qb5 26. Qe3 Rxc6 27. dxc6 e4 28.
Qd4 Qe5 29. Qxe5+ Bxe5 30. Rd1 O-O 31. Rd7 Rf7 32. Bf1 Rxd7 33. cxd7 Bc7 34.
Bxa6 Kf7 35. Kg2 Kg6 36. Kf2 Kxg5 37. Ke3 Bb6+ 38. Ke2 f4 39. Bb7 f3+ 40. Kf1
Kf4 41. c4 bxc3 42. bxc3 e3 43. c4 e2+ 44. Ke1 Ke3 0-1

[Event "2014 Alberta Open"]
[Site "Calgary"]
[Date "2014.10.11"]
[Round "1.9"]
[White "Booker, Brad"]
[Black "Wang, Jeff"]
[Result "1-0"]
[WhiteElo "2234"]
[BlackElo "1589"]
[PlyCount "75"]
[EventDate "2014.10.11"]
[EventType "swiss"]
[EventRounds "6"]
[EventCountry "CAN"]

1. e4 c5 2. Nf3 d6 3. Bb5+ Nc6 4. O-O Nf6 5. Re1 Qc7 6. c3 a6 7. Ba4 b5 8. Bc2
c4 9. b3 Bg4 10. h3 Be6 11. Ng5 Bd7 12. bxc4 bxc4 13. Na3 Na7 14. Qe2 Rc8 15.
f4 e5 16. f5 Nb5 17. Nxb5 axb5 18. a4 Ra8 19. Ba3 Be7 20. axb5 Rxa3 21. Rxa3
Qc5+ 22. Kh2 Qxa3 23. Qxc4 Qc5 24. Qxf7+ Kd8 25. Ra1 Qb6 26. Ra8+ Bc8 27. Rxc8+
Kxc8 28. Qxe7 Qc7 29. Qe6+ Kb7 30. Nf7 Ra8 31. Nxd6+ Kb8 32. Nc4 Nd7 33. b6 Qd8
34. Qd6+ Kb7 35. Qd5+ Kb8 36. Nxe5 Ra1 37. Nxd7+ Kc8 38. Qc6+ 1-0

[Event "2014 Alberta Open"]
[Site "Calgary"]
[Date "2014.10.11"]
[Round "1.10"]
[White "Dave, Bhavik"]
[Black "Shi, Diwen"]
[Result "0-1"]
[WhiteElo "1577"]
[BlackElo "2208"]
[PlyCount "58"]
[EventDate "2014.10.11"]
[EventType "swiss"]
[EventRounds "6"]
[EventCountry "CAN"]

1. d4 Nf6 2. c4 Nc6 3. Nf3 e6 4. Nc3 Bb4 5. Qc2 d6 6. a3 Bxc3+ 7. Qxc3 Qe7 8.
Bg5 h6 9. Bxf6 Qxf6 10. e4 e5 11. d5 Ne7 12. h3 O-O 13. c5 Qg6 14. Nd2 f5 15.
cxd6 cxd6 16. Qg3 Qf7 17. Bc4 fxe4 18. Nxe4 Nf5 19. Qd3 Qg6 20. Ng3 Qg5 21. O-O
Nh4 22. Kh2 Rf4 23. Qe2 Bf5 24. f3 Rc8 25. Nxf5 Nxf5 26. Bd3 Ng3 27. Qe3 Nxf1+
28. Rxf1 Rd4 29. Qe2 Rc5 0-1

[Event "2014 Alberta Open"]
[Site "Calgary"]
[Date "2014.10.11"]
[Round "1.11"]
[White "Kostadinov, Georgi"]
[Black "Robertson, Trevor"]
[Result "1-0"]
[WhiteElo "2205"]
[BlackElo "1571"]
[PlyCount "77"]
[EventDate "2014.10.11"]
[EventType "swiss"]
[EventRounds "6"]
[EventCountry "CAN"]

1. d4 d5 2. c4 e6 3. g3 c6 4. Nf3 Nf6 5. Bg2 dxc4 6. a4 Bb4+ 7. Bd2 Qa5 8. O-O
Nbd7 9. Qc2 Bxd2 10. Nbxd2 Qb4 11. Nxc4 O-O 12. a5 Rd8 13. Rfc1 Nf8 14. e4 Bd7
15. e5 Nd5 16. Nd6 b5 17. Ra3 Rab8 18. Rca1 c5 19. Rb3 c4 20. Rxb4 Nxb4 21. Qd2
Nd3 22. Ng5 Re8 23. f4 f6 24. Nge4 fxe5 25. fxe5 Ng6 26. Rf1 Bc6 27. h4 Rf8 28.
h5 Ne7 29. Bh3 Bd5 30. h6 Nf5 31. hxg7 Kxg7 32. Nxf5+ exf5 33. Qg5+ Kh8 34. Nf6
Be6 35. Bxf5 Bxf5 36. Qxf5 Rf7 37. e6 Re7 38. Nh5 Kg8 39. Qg5+ 1-0

[Event "2014 Alberta Open"]
[Site "Calgary"]
[Date "2014.10.11"]
[Round "1.12"]
[White "Sklenka, Steve"]
[Black "Robichaud, Martin"]
[Result "0-1"]
[WhiteElo "1537"]
[BlackElo "2193"]
[PlyCount "48"]
[EventDate "2014.10.11"]
[EventType "swiss"]
[EventRounds "6"]
[EventCountry "CAN"]

1. d4 d5 2. c4 e6 3. Nc3 c5 4. cxd5 exd5 5. dxc5 d4 6. Ne4 Bf5 7. Nd6+ Bxd6 8.
cxd6 Qxd6 9. Nf3 Nc6 10. Nh4 Be4 11. a3 Nge7 12. f3 Qf6 13. g3 Bd5 14. Bh3 Rd8
15. O-O g5 16. Ng2 Qh6 17. Nh4 Qf6 18. Ng2 h5 19. Qc2 d3 20. exd3 Nd4 21. Qf2
Nxf3+ 22. Kh1 Bc6 23. g4 hxg4 24. Bxg4 Rxh2# 0-1

[Event "2014 Alberta Open"]
[Site "Calgary"]
[Date "2013.10.11"]
[Round "1.13"]
[White "Cheng, Louis"]
[Black "Koneru, Nimai"]
[Result "1-0"]
[WhiteElo "2151"]
[BlackElo "1483"]
[PlyCount "104"]
[EventDate "2014.10.11"]
[EventType "swiss"]
[EventRounds "6"]
[EventCountry "CAN"]

1. e4 c6 2. d4 d5 3. f3 e6 4. Nc3 Nd7 5. Bf4 Bb4 6. Nge2 Ne7 7. a3 Ba5 8. Qd3
Ng6 9. Bg3 O-O 10. O-O-O Bc7 11. Qd2 Nb6 12. b3 Bd6 13. Kb2 Qe7 14. Bxd6 Qxd6
15. h4 e5 16. exd5 cxd5 17. h5 Ne7 18. h6 g6 19. Qg5 f6 20. Qg3 Nf5 21. Qf2 Bd7
22. g4 Ne7 23. Qg3 Bc6 24. Nc1 Rad8 25. dxe5 Qxe5 26. f4 Qc7 27. Rh2 g5 28.
N1e2 Ng6 29. Rd4 Rde8 30. Bg2 Rd8 31. Rh5 gxf4 32. Nxf4 Nxf4 33. Qxf4 Qxf4 34.
Rxf4 d4 35. Ne4 Nd5 36. Rxd5 Bxd5 37. Nxf6+ Rxf6 38. Bxd5+ Rxd5 39. Rxf6 d3 40.
cxd3 Rxd3 41. Rf5 Rg3 42. Rg5+ Kh8 43. Rg7 b6 44. Rxa7 Rxg4 45. Rb7 Rg6 46.
Rb8+ Rg8 47. Rxb6 Rg6 48. Rb8+ Rg8 49. Rxg8+ Kxg8 50. a4 Kf7 51. a5 Kg6 52. a6
Kxh6 1-0

[Event "2014 Alberta Open"]
[Site "Calgary"]
[Date "2014.10.11"]
[Round "1.14"]
[White "Wilson, Robert"]
[Black "Tran-Ly, Tristan"]
[Result "0-1"]
[WhiteElo "1480"]
[BlackElo "2128"]
[PlyCount "60"]
[EventDate "2014.10.11"]
[EventType "swiss"]
[EventRounds "6"]
[EventCountry "CAN"]

1. e4 c5 2. Nf3 g6 3. d4 cxd4 4. Nxd4 Nc6 5. Be3 Nf6 6. f3 Bg7 7. Nxc6 bxc6 8.
Nc3 d5 9. exd5 Nxd5 10. Nxd5 Qxd5 11. Qxd5 cxd5 12. Bb5+ Bd7 13. Bxd7+ Kxd7 14.
c3 Rab8 15. O-O-O e6 16. Bxa7 Ra8 17. Bd4 Bxd4 18. Rxd4 Rxa2 19. Kb1 Rha8 20.
Rhd1 Kc6 21. Rb4 Ra1+ 22. Kc2 Rxd1 23. Kxd1 e5 24. Ke2 f5 25. Ke3 g5 26. h4 f4+
27. Kf2 gxh4 28. Kg1 h3 29. g3 fxg3 30. Rg4 Ra1# 0-1

[Event "2014 Alberta Open"]
[Site "Calgary"]
[Date "2014.10.11"]
[Round "1.15"]
[White "Daniluk, Jim"]
[Black "Scholz, Mike"]
[Result "1-0"]
[WhiteElo "2084"]
[BlackElo "1438"]
[PlyCount "65"]
[EventDate "2014.10.11"]
[EventType "swiss"]
[EventRounds "6"]
[EventCountry "CAN"]

1. d4 d5 2. Nf3 Nc6 3. c4 Nf6 4. Nc3 e6 5. e3 Bb4 6. Qc2 Ne4 7. Bd3 f5 8. O-O
Bxc3 9. bxc3 O-O 10. Ne1 Qf6 11. f3 Nd6 12. cxd5 exd5 13. Rb1 a6 14. e4 dxe4
15. fxe4 Qg6 16. e5 Nb5 17. a4 Nba7 18. Ba3 Rf7 19. Bc4 b5 20. Bxf7+ Qxf7 21.
Nd3 Ne7 22. Bxe7 Qxe7 23. Qa2+ Kh8 24. Nc5 Nc6 25. Qd5 Qe8 26. e6 g6 27. Rfe1
Qe7 28. Qxc6 Rb8 29. Nd7 Rb7 30. Qd5 Ra7 31. Qc5 Qxc5 32. Nxc5 c6 33. e7 1-0

[Event "2014 Alberta Open"]
[Site "Calgary"]
[Date "2014.10.11"]
[Round "1.16"]
[White "Zhao, Ian"]
[Black "Gold, Itohan"]
[Result "0-1"]
[WhiteElo "1434"]
[BlackElo "2031"]
[PlyCount "76"]
[EventDate "2014.10.11"]
[EventType "swiss"]
[EventRounds "6"]
[EventCountry "CAN"]

1. e4 Nf6 2. e5 Nd5 3. c4 Nb6 4. d4 e6 5. Nc3 d6 6. exd6 cxd6 7. Nf3 Be7 8. Be3
O-O 9. Bd3 Nc6 10. O-O f5 11. Qd2 Nb4 12. Bf4 d5 13. c5 Nxd3 14. Qxd3 Nd7 15.
Rfe1 a6 16. Qd2 Nf6 17. Ng5 Ne4 18. Ngxe4 fxe4 19. Na4 a5 20. Nb6 Ra6 21. Rac1
Bd7 22. Nxd7 Qxd7 23. Rc3 Rf5 24. Rg3 Bf6 25. b3 Bxd4 26. Qxd4 Rxf4 27. f3 Qc7
28. fxe4 dxe4 29. Rg5 Rf5 30. Rxf5 exf5 31. Qd5+ Qf7 32. Qd8+ Qf8 33. Qd5+ Qf7
34. Qd8+ Qf8 35. Qd5+ Kh8 36. Qxb7 Qxc5+ 37. Kh1 Rf6 38. h3 Qd4 0-1

[Event "2014 Alberta Open"]
[Site "Calgary"]
[Date "2014.10.11"]
[Round "1.17"]
[White "Karmali, Hafiz"]
[Black "Wang, Paul"]
[Result "1-0"]
[WhiteElo "2031"]
[BlackElo "1068"]
[PlyCount "57"]
[EventDate "2014.10.11"]
[EventType "swiss"]
[EventRounds "6"]
[EventCountry "CAN"]

1. d4 d5 2. e3 Nf6 3. Bd3 e6 4. f4 Bd6 5. Nf3 Nc6 6. c3 b6 7. Ne5 Bb7 8. Nd2
Nd7 9. O-O Ndxe5 10. fxe5 Be7 11. Rf3 O-O 12. Rh3 h6 13. Qg4 Bg5 14. Nf3 f5 15.
Qh5 Qe7 16. Rg3 Qf7 17. Qxf7+ Rxf7 18. Nxg5 hxg5 19. Rxg5 Kh7 20. Bd2 Kh6 21.
Rg3 g5 22. Rh3+ Kg6 23. g4 Ne7 24. Rf1 Raf8 25. Rh5 c5 26. Rf3 Rg7 27. e4 dxe4
28. Rxg5+ Kh7 29. Rh3+ 1-0

[Event "2014 Alberta Open"]
[Site "Calgary"]
[Date "2014.10.11"]
[Round "1.18"]
[White "Stacey, George"]
[Black "Willis, Bradley"]
[Result "0-1"]
[WhiteElo "1052"]
[BlackElo "2004"]
[PlyCount "40"]
[EventDate "2014.10.11"]
[EventType "swiss"]
[EventRounds "6"]
[EventCountry "CAN"]

1. Nf3 d5 2. d4 Nf6 3. Bf4 g6 4. h3 Bg7 5. e3 O-O 6. Nbd2 b6 7. c3 Bb7 8. Bd3
c5 9. Bc2 Nc6 10. Qe2 Re8 11. O-O Rc8 12. Rfe1 Nd7 13. e4 dxe4 14. Nxe4 cxd4
15. cxd4 Nxd4 16. Nxd4 Bxd4 17. Rab1 Nc5 18. Ng5 e5 19. Bd2 Ne6 20. Nf3 Rxc2
0-1

[Event "2014 Alberta Open"]
[Site "Calgary"]
[Date "2014.10.11"]
[Round "1.19"]
[White "Zeggelaar, Mike"]
[Black "Sasata, Anastasia"]
[Result "1-0"]
[WhiteElo "2008"]
[BlackElo "899"]
[PlyCount "63"]
[EventDate "2014.10.11"]
[EventType "swiss"]
[EventRounds "6"]
[EventCountry "CAN"]

1. e4 e5 2. Nf3 Nc6 3. Bc4 Nh6 4. d4 d6 5. dxe5 Be7 6. exd6 cxd6 7. h3 O-O 8.
Be3 Qa5+ 9. Qd2 Qh5 10. Nc3 Bd7 11. O-O-O Rac8 12. g4 Qg6 13. g5 Nf5 14. exf5
Qxf5 15. Nd4 Qe5 16. f4 Qc5 17. Bb3 b6 18. Ne6 Bxe6 19. Bxc5 bxc5 20. Nd5 Bxd5
21. Bxd5 a6 22. f5 Rc7 23. f6 gxf6 24. gxf6 Bxf6 25. Bxc6 Rxc6 26. Qg2+ Kh8 27.
Qxc6 Kg8 28. Qg2+ Kh8 29. Rxd6 Bg5+ 30. Qxg5 Rg8 31. Qf6+ Rg7 32. Rd8# 1-0

[Event "2014 Alberta Open"]
[Site "Calgary"]
[Date "2014.10.11"]
[Round "1.20"]
[White "Sasata, Alexander"]
[Black "Kobalenko, Jerry"]
[Result "0-1"]
[WhiteElo "684"]
[BlackElo "1966"]
[PlyCount "66"]
[EventDate "2014.10.11"]
[EventType "swiss"]
[EventRounds "6"]
[EventCountry "CAN"]

1. e4 c5 2. Nc3 e6 3. f4 Nc6 4. Nf3 g6 5. Bb5 Nd4 6. Nxd4 cxd4 7. Ne2 a6 8. Ba4
b5 9. Bb3 Bg7 10. O-O Qb6 11. d3 Ne7 12. Qe1 f5 13. e5 Bb7 14. Qg3 a5 15. a3
Rc8 16. a4 Bd5 17. Bd2 Bxb3 18. cxb3 Rc2 19. b4 Rxd2 20. axb5 Rxe2 21. bxa5
Qxb5 22. a6 Qd5 23. a7 O-O 24. Qf3 Qxf3 25. gxf3 Ra8 26. Rfb1 Nc6 27. b4 Rxa7
28. Rxa7 Nxa7 29. b5 Rc2 30. b6 Nc6 31. Ra1 Rb2 32. Ra8+ Kf7 33. Ra6 Bh6 0-1

[Event "2014 Alberta Open"]
[Site "Calgary"]
[Date "2014.10.11"]
[Round "2.3"]
[White "Rekhson, Vladislav"]
[Black "Daniluk, Jim"]
[Result "1-0"]
[WhiteElo "2252"]
[BlackElo "2084"]
[PlyCount "66"]
[EventDate "2014.10.11"]
[EventType "swiss"]
[EventRounds "6"]
[EventCountry "CAN"]

1. c4 e5 2. Nc3 Nf6 3. g3 d5 4. cxd5 Nxd5 5. Bg2 Nb6 6. d3 Nc6 7. Nf3 Be7 8.
O-O O-O 9. b3 Be6 10. Bb2 f6 11. Rc1 Qd7 12. Re1 Rad8 13. Ne4 Qc8 14. Qc2 Rd7
15. Nc5 Bxc5 16. Qxc5 Rd5 17. Qc3 Rb5 18. d4 e4 19. Nd2 Nd5 20. Qc4 Rb4 21. Qc5
f5 22. e3 Rb6 23. a3 Nf6 24. Bf1 Rd8 25. b4 a6 26. Qc2 Rd7 27. Nb3 Bxb3 28.
Qxb3+ Nd5 29. Rc5 Nce7 30. Rec1 Rbd6 31. a4 b6 32. R5c2 Qe8 33. Bxa6 Qf7 1-0

[Event "2014 Alberta Open"]
[Site "Calgary"]
[Date "2014.10.11"]
[Round "2.4"]
[White "Tran-Ly, Tristan"]
[Black "Ng, Gary"]
[Result "1/2-1/2"]
[WhiteElo "2128"]
[BlackElo "2249"]
[PlyCount "43"]
[EventDate "2014.10.11"]
[EventType "swiss"]
[EventRounds "6"]
[EventCountry "CAN"]

1. e4 b6 2. d4 Bb7 3. Bd3 Nf6 4. Nc3 e6 5. Nge2 c5 6. d5 exd5 7. exd5 Nxd5 8.
Nxd5 Bxd5 9. Nf4 Bb7 10. O-O Be7 11. Re1 Kf8 12. c4 d6 13. Qg4 Nd7 14. Nh5 Bf6
15. Bf4 Ne5 16. Bxe5 dxe5 17. Rad1 Qe7 18. Bf5 Bc6 19. Bd7 Bb7 20. Bf5 Bc6 21.
Bd7 Bb7 22. Bf5 1/2-1/2

[Event "2014 Alberta Open"]
[Site "Calgary"]
[Date "2014.10.11"]
[Round "2.5"]
[White "Sequillion, Aaron"]
[Black "Karmali, Hafiz"]
[Result "1-0"]
[WhiteElo "2214"]
[BlackElo "2031"]
[PlyCount "97"]
[EventDate "2014.10.11"]
[EventType "swiss"]
[EventRounds "6"]
[EventCountry "CAN"]

1. e4 Nf6 2. e5 Nd5 3. d4 d6 4. c4 Nb6 5. exd6 cxd6 6. Nc3 g6 7. Be3 Bg7 8. Rc1
Nc6 9. d5 Ne5 10. Be2 O-O 11. b3 f5 12. f4 Ng4 13. Bd4 e5 14. dxe6 Bxe6 15.
Bxg7 Kxg7 16. Nf3 Rf6 17. Qd4 Qe7 18. h3 Nh6 19. O-O Rd8 20. Rfe1 Qc7 21. Ng5
Bg8 22. Bf3 Qc5 23. Re7+ Kf8 24. Qxc5 dxc5 25. Rxb7 Rd7 26. Rxd7 Nxd7 27. Re1
Ra6 28. Bb7 Rb6 29. Bd5 Nf6 30. Bxg8 Kxg8 31. Re6 Rxe6 32. Nxe6 Nf7 33. Nxc5
Nd6 34. Kf2 Kf7 35. Ke3 h6 36. Kd4 Nfe8 37. Nd5 Nf6 38. Nxf6 Kxf6 39. Kd5 Ke7
40. b4 Nc8 41. Nd3 Nb6+ 42. Kd4 Ke6 43. h4 Kf6 44. Ne5 g5 45. hxg5+ hxg5 46. g3
gxf4 47. gxf4 Ke6 48. Nc6 Nc8 49. c5 1-0

[Event "2014 Alberta Open"]
[Site "Calgary"]
[Date "2014.10.11"]
[Round "2.6"]
[White "Gold, Itohan"]
[Black "Gardner, Robert"]
[Result "0-1"]
[WhiteElo "2031"]
[BlackElo "2244"]
[PlyCount "124"]
[EventDate "2014.10.11"]
[EventType "swiss"]
[EventRounds "6"]
[EventCountry "CAN"]

1. e4 d6 2. d4 Nf6 3. Nc3 g6 4. f4 Bg7 5. Nf3 c5 6. dxc5 Qa5 7. Bd3 Qxc5 8. Qe2
Nc6 9. Be3 Qa5 10. O-O Bg4 11. h3 Bxf3 12. Qxf3 O-O 13. a3 Nd7 14. Rab1 Bxc3
15. bxc3 Qxa3 16. Rb3 Qa5 17. Rxb7 Nc5 18. Rbb1 Qxc3 19. e5 Nxd3 20. cxd3 Nd4
21. Qe4 dxe5 22. fxe5 Rfd8 23. Kh1 Nf5 24. Rxf5 gxf5 25. Qf4 Qxd3 26. Qg5+ Kh8
27. Re1 Qc3 28. Bf2 Qd2 29. Qxe7 Qxf2 30. Qf6+ Kg8 31. Qg5+ Kf8 32. Qh6+ Ke8
33. Qc6+ Rd7 34. Qxa8+ Ke7 35. Rb1 Qe2 36. Qh8 Rd1+ 37. Rxd1 Qxd1+ 38. Kh2 Qd5
39. Qf6+ Ke8 40. Qxf5 a5 41. Qf4 Qb5 42. Qf6 Qc4 43. Qh8+ Ke7 44. Qf6+ Kd7 45.
Qf5+ Qe6 46. Qd3+ Kc7 47. Qc3+ Kb6 48. Qd4+ Kb5 49. Qb2+ Ka6 50. Qe2+ Ka7 51.
Qf2+ Kb7 52. Qf3+ Kb6 53. Qe3+ Kb5 54. Qd3+ Qc4 55. Qd7+ Kb4 56. Qb7+ Ka3 57.
Qe7+ Ka2 58. Qd6 a4 59. Qd2+ Kb3 60. Qd1+ Kc3 61. Qa1+ Kc2 62. Qa3 Qf4+ 0-1

[Event "2014 Alberta Open"]
[Site "Calgary"]
[Date "2014.10.11"]
[Round "2.7"]
[White "Miller, David"]
[Black "Zeggelaar, Mike"]
[Result "1-0"]
[WhiteElo "2240"]
[BlackElo "2008"]
[PlyCount "40"]
[EventDate "2014.10.11"]
[EventType "swiss"]
[EventRounds "6"]
[EventCountry "CAN"]

1. e4 c5 2. Nf3 d6 3. d4 cxd4 4. Nxd4 Nf6 5. Nc3 g6 6. Be3 a6 7. f3 Bg7 8. Qd2
Nbd7 9. Be2 Qc7 10. a4 b6 11. Nd5 Nxd5 12. exd5 Bb7 13. c4 Nc5 14. b4 Nd7 15.
Rc1 O-O 16. Nb3 Rac8 17. O-O Nf6 18. a5 bxa5 19. Nxa5 Rb8 20. Rfd1 Rfc8 1-0

[Event "2014 Alberta Open"]
[Site "Calgary"]
[Date "2014.10.11"]
[Round "2.9"]
[White "Shi, Diwen"]
[Black "Razzaq, Ali"]
[Result "1/2-1/2"]
[WhiteElo "2208"]
[BlackElo "1969"]
[PlyCount "118"]
[EventDate "2014.10.11"]
[EventType "swiss"]
[EventRounds "6"]
[EventCountry "CAN"]

1. e4 c6 2. d4 d5 3. e5 c5 4. dxc5 Nc6 5. Bb5 e6 6. Nf3 Bxc5 7. O-O Nge7 8.
Nbd2 a6 9. Bd3 Ng6 10. Nb3 Ba7 11. Re1 O-O 12. h4 f6 13. Bxg6 hxg6 14. Be3 Nxe5
15. Nxe5 fxe5 16. Bxa7 Rxa7 17. Rxe5 Qxh4 18. Qd4 Qxd4 19. Nxd4 b6 20. Rae1 Re7
21. Rxd5 Ref7 22. Rd6 Rxf2 23. Re2 Rxe2 24. Nxe2 b5 25. Rd3 e5 26. Re3 Bf5 27.
c3 Rd8 28. Rxe5 Rd1+ 29. Kf2 Rd2 30. b4 Rxa2 31. Kf3 Kf7 32. Nd4 Kf6 33. Rc5
Kg5 34. g4 Ra1 35. gxf5 gxf5 36. Rxf5+ Kg6 37. Re5 Kf6 38. Re2 g5 39. Kg3 Rg1+
40. Kf2 Ra1 41. Kg2 Ra3 42. Re6+ Kf7 43. Re3 Kf6 44. Kg3 Ra1 45. Nf3 Ra2 46.
Re5 Ra3 47. Rc5 a5 48. Rxb5 a4 49. Ra5 Rxc3 50. Rxa4 Ke6 51. Ra5 g4 52. Re5+
Kd6 53. Kxg4 Rxf3 54. Rc5 Rb3 55. Rc4 Kd5 56. Rf4 Kc6 57. Kf5 Kb5 58. Ke5 Rxb4
59. Rxb4+ Kxb4 1/2-1/2

[Event "2014 Alberta Open"]
[Site "Calgary"]
[Date "2014.10.11"]
[Round "2.10"]
[White "Kobalenko, Jerry"]
[Black "Kostadinov, Georgi"]
[Result "0-1"]
[WhiteElo "1966"]
[BlackElo "2206"]
[PlyCount "56"]
[EventDate "2014.10.11"]
[EventType "swiss"]
[EventRounds "6"]
[EventCountry "CAN"]

1. Nf3 d5 2. g3 Nf6 3. Bg2 g6 4. b3 Bg7 5. Bb2 O-O 6. O-O c6 7. d4 Bf5 8. Ne5
Nbd7 9. h3 h5 10. Nd2 Nxe5 11. dxe5 Nd7 12. f4 Nc5 13. c4 dxc4 14. Nxc4 Qc8 15.
Qd4 b6 16. Kh2 Rd8 17. Qe3 Qc7 18. Rfd1 Be6 19. Qc3 Bd5 20. Ba3 Bxg2 21. Kxg2
Ne6 22. Qf3 c5 23. Qe4 Nd4 24. e3 Nc6 25. Nd2 e6 26. Qf3 Nb4 27. Ne4 Nd5 28.
Rac1 c4 0-1

[Event "2014 Alberta Open"]
[Site "Calgary"]
[Date "2014.10.11"]
[Round "2.11"]
[White "Bentley, Bill"]
[Black "Adagha, Ovo"]
[Result "1/2-1/2"]
[WhiteElo "1931"]
[BlackElo "1892"]
[PlyCount "94"]
[EventDate "2014.10.11"]
[EventType "swiss"]
[EventRounds "6"]
[EventCountry "CAN"]

1. d4 Nf6 2. c4 g6 3. Nc3 d5 4. Nf3 Bg7 5. e3 O-O 6. Qb3 e6 7. Be2 c6 8. O-O
Nbd7 9. Bd2 b6 10. Rac1 Bb7 11. cxd5 exd5 12. Rfd1 Qe7 13. Na4 Rfc8 14. Bb4 Qe8
15. Bd6 Ne4 16. Bg3 Qe7 17. Nc3 f5 18. Nxe4 fxe4 19. Nd2 Re8 20. a4 Kh8 21. Nb1
Bf8 22. a5 Rac8 23. axb6 axb6 24. Nc3 Ra8 25. Ra1 Qb4 26. Qxb4 Bxb4 27. Bg4 Nf6
28. Be2 b5 29. Na2 Be7 30. Nc3 Rxa1 31. Rxa1 Ra8 32. Rxa8+ Bxa8 33. Be5 Kg8 34.
Kf1 Bb7 35. h3 Bc8 36. Bd1 Nd7 37. Bc7 Nf6 38. Ne2 Ne8 39. Bb6 Kf7 40. Bc5 Bxc5
41. dxc5 Nc7 42. Nd4 Bd7 43. b4 Na6 44. Nc2 Kf6 45. Ke1 h5 46. Kd2 Nc7 47. Nd4
Ne6 1/2-1/2

[Event "2014 Alberta Open"]
[Site "Calgary"]
[Date "2014.10.11"]
[Round "2.14"]
[White "Lee, Nicholas"]
[Black "Wilson, Robert"]
[Result "1-0"]
[WhiteElo "1759"]
[BlackElo "1480"]
[PlyCount "45"]
[EventDate "2014.10.11"]
[EventType "swiss"]
[EventRounds "6"]
[EventCountry "CAN"]

1. e4 c6 2. d4 d5 3. Nc3 dxe4 4. Nxe4 Bf5 5. Ng3 Bg6 6. Nf3 Nf6 7. h4 h6 8. h5
Bh7 9. Bd3 Bxd3 10. Qxd3 Nbd7 11. O-O e6 12. c4 Bd6 13. Ne4 Nxe4 14. Qxe4 Nf6
15. Qh4 Qa5 16. c5 Bc7 17. Bd2 Qa6 18. Rfd1 b6 19. a3 Qc4 20. Rac1 Qd5 21. cxb6
axb6 22. Bb4 Kd7 23. Ne5+ 1-0

[Event "2014 Alberta Open"]
[Site "Calgary"]
[Date "2014.10.11"]
[Round "2.15"]
[White "Scholz, Mike"]
[Black "Milne, Arthur"]
[Result "1/2-1/2"]
[WhiteElo "1438"]
[BlackElo "1724"]
[PlyCount "45"]
[EventDate "2014.10.11"]
[EventType "swiss"]
[EventRounds "6"]
[EventCountry "CAN"]

1. e4 a6 2. Nc3 b5 3. d4 Bb7 4. Bd3 d6 5. Qf3 Nd7 6. Nge2 e5 7. d5 Be7 8. Ng3
Bf6 9. Nh5 g6 10. Nxf6+ Qxf6 11. Qxf6 Ndxf6 12. f4 h6 13. a4 bxa4 14. Rxa4 Ne7
15. O-O Nd7 16. Be3 f5 17. Rfa1 Kf7 18. g3 Nb6 19. Bxb6 cxb6 20. Bxa6 Bxa6 21.
Rxa6 Rxa6 22. Rxa6 Rc8 23. Ra3 1/2-1/2

[Event "2014 Alberta Open"]
[Site "Calgary"]
[Date "2014.10.11"]
[Round "2.16"]
[White "Koperski, Dustin"]
[Black "Zhao, Ian"]
[Result "0-1"]
[WhiteElo "1703"]
[BlackElo "1434"]
[PlyCount "22"]
[EventDate "2014.10.11"]
[EventType "swiss"]
[EventRounds "6"]
[EventCountry "CAN"]

1. e4 e5 2. Nf3 Nc6 3. Bc4 Nf6 4. Ng5 d5 5. exd5 Nd4 6. c3 b5 7. Bf1 Nxd5 8.
cxd4 Qxg5 9. Bxb5+ Kd8 10. O-O Bb7 11. d3 Nf4 0-1

[Event "2014 Alberta Open"]
[Site "Calgary"]
[Date "2014.10.11"]
[Round "2.18"]
[White "Wang, Jeff"]
[Black "Stacey, George"]
[Result "1-0"]
[WhiteElo "1589"]
[BlackElo "1052"]
[PlyCount "59"]
[EventDate "2014.10.11"]
[EventType "swiss"]
[EventRounds "6"]
[EventCountry "CAN"]

1. d4 d5 2. c4 Bf5 3. cxd5 Bxb1 4. Rxb1 Qxd5 5. b3 Nc6 6. Nf3 e5 7. e3 Nf6 8.
Bc4 Qd8 9. O-O Bd6 10. Bb2 O-O 11. dxe5 Bxe5 12. Nxe5 Nxe5 13. Bxe5 Qe7 14. Qd4
Rfd8 15. Bxf6 Qxf6 16. Qxf6 gxf6 17. Rfd1 c6 18. Kf1 b5 19. Bd3 Kg7 20. Rd2 a6
21. Rbd1 Rd6 22. Be4 Rxd2 23. Rxd2 Rc8 24. Rd7 c5 25. Bb7 Re8 26. Bxa6 Ra8 27.
Bxb5 Rxa2 28. Bc4 Ra1+ 29. Ke2 Ra2+ 30. Kf3 1-0